[Event "Hastings"]
[Site "Hastings"]
[Date "1994.??.??"]
[Round "?"]
[White "Sher, Miron N"]
[Black "Arakhamia, Ketevan"]
[Result "1/2-1/2"]
[WhiteElo "2520"]
[BlackElo "2450"]
[PlyCount "53"]
[EventDate "1994.??.??"]
[Source "www.chesslib.no"]
[SourceDate "2004.05.04"]

1. c4 Nf6 2. g3 g6 3. Bg2 Bg7 4. Nc3 O-O 5. e4 d6 6. Nge2 e5 7. O-O Be6 8. b3 Qd7 9. d4 exd4 10. Nxd4 Bh3 11. f3 Nc6 12. Be3 Bxg2 13. Kxg2 Rfe8 14. Qd2 a6 15. Rac1 Re5 16. Nce2 Rae8 17. Rfd1 Nxe4 18. fxe4 Rxe4 19. Nc2 Bh6 20. Nf4 Bxf4 21. gxf4 Qg4+ 22. Kh1 Qf3+ 23. Qg2 Rxe3 24. Nxe3 Qxe3 25. f5 Re5 26. fxg6 hxg6 27. Rf1 1/2-1/2

[Event "DSV-Turnier"]
[Site "Halle"]
[Date "1976.??.??"]
[Round "?"]
[White "Barczay, Laszlo"]
[Black "Vogt, Lothar"]
[Result "1/2-1/2"]
[WhiteElo "2485"]
[BlackElo "2480"]
[PlyCount "81"]
[EventDate "1976.11.??"]
[Source "ChessBase"]

1. Nf3 g6 2. g3 Bg7 3. c4 e5 4. Nc3 d6 5. Bg2 Nf6 6. O-O O-O 7. d3 c6 8. Rb1 a5 9. a3 h6 10. b4 axb4 11. axb4 Be6 12. b5 Nbd7 13. Bd2 Qc7 14. Qc1 Kh7 15. Qb2 Nc5 16. Qc2 Nfd7 17. Rfc1 Rac8 18. Ne1 f5 19. e3 Bf7 20. Ne2 Qd8 21. bxc6 bxc6 22. Ra1 d5 23. cxd5 cxd5 24. Ra5 Qf6 25. Qa2 d4 26. Bd5 Bxd5 27. Qxd5 Nb6 28. Qa2 dxe3 29. Bxe3 Ncd7 30. Rb1 Rc6 31. Ra6 Nc8 32. Rxc6 Qxc6 33. Rc1 Qb7 34. Rb1 Qc6 35. Rc1 Qb7 36. Rb1 Qc6 37. Qc4 Rf6 38. Qb3 Ne7 39. d4 Nd5 40. Rc1 Qe6 41. dxe5 1/2-1/2